Modeling And Verification of Real-Time And Hybrid Systems / (Record no. 529078)

000 -LEADER
fixed length control field 00503nam a22001577a 4500
082 ## - DEWEY DECIMAL CLASSIFICATION NUMBER
Classification number 004
100 ## - MAIN ENTRY--PERSONAL NAME
Personal name Abdul Basit Ur Rahim, Muhammad
245 ## - TITLE STATEMENT
Title Modeling And Verification of Real-Time And Hybrid Systems /
Statement of responsibility, etc. Muhammad Abdul Basit Ur Rahim.
260 ## - PUBLICATION, DISTRIBUTION, ETC.
Place of publication, distribution, etc. Islamabad:
Name of publisher, distributor, etc. MCS - NUST,
Date of publication, distribution, etc. 2017.
300 ## - PHYSICAL DESCRIPTION
Extent 144 p.: ill.;
Dimensions 35cm.
942 ## - ADDED ENTRY ELEMENTS (KOHA)
Source of classification or shelving scheme
Koha item type Thesis
650 ## - SUBJECT ADDED ENTRY--TOPICAL TERM
Topical term or geographic name entry element Ph. D Thesis.
700 ## - ADDED ENTRY--PERSONAL NAME
Personal name Dr. Fahim Arif
650 ## - SUBJECT ADDED ENTRY--TOPICAL TERM
-- 19288
700 ## - ADDED ENTRY--PERSONAL NAME
-- 20941
Holdings
Withdrawn status Lost status Source of classification or shelving scheme Damaged status Not for loan Permanent Location Current Location Shelving location Date acquired Total Checkouts Full call number Barcode Date last seen Price effective from Koha item type
          Central Library (CL) Central Library (CL) Thesis 09/19/2019   004 CL-T-1486 09/19/2019 09/19/2019 Thesis
© 2023 Central Library, National University of Sciences and Technology. All Rights Reserved.